Focus (Record no. 81228)

MARC details
000 -LEADER
fixed length control field 00803cab a22002055a 4500
001 - CONTROL NUMBER
control field L146660
008 - FIXED-LENGTH DATA ELEMENTS--GENERAL INFORMATION
fixed length control field 090212e20090207xxkbdo f s 000 0 eng d
035 ## - SYSTEM CONTROL NUMBER
System control number (Sirsi) u146660
041 0# - LANGUAGE CODE
Language code of text/sound track or separate title eng
100 1# - MAIN ENTRY--PERSONAL NAME
Personal name Meadwell, Stacey
245 00 - TITLE STATEMENT
Title Focus
Remainder of title London and West boroughs
260 ## - PUBLICATION, DISTRIBUTION, ETC.
Date of publication, distribution, etc. 2009
490 ## - SERIES STATEMENT
Series statement Estates Gazette
Volume/sequential designation (0905) 7 February 2009, 77-87(9)
520 ## - SUMMARY, ETC.
Summary, etc. Regular section provides an overview of the property market and development planning in London and the West boroughs. Contains sections on the potential development of a third runway at Heathrow airport and other strategic development projects in the area.
590 ## - LOCAL NOTE (RLIN)
Local note KA
690 ## - LOCAL SUBJECT ADDED ENTRY--TOPICAL TERM (OCLC, RLIN)
Topical term or geographic name as entry element PROPERTY-PROPERTY DEVELOPMENT-STRATEGIC PROPERTY DEVELOPMENT
700 1# - ADDED ENTRY--PERSONAL NAME
Personal name Cunningham, Daniel
700 1# - ADDED ENTRY--PERSONAL NAME
Personal name Morrison, Adrian
942 ## - ADDED ENTRY ELEMENTS (KOHA)
Suppress in OPAC 0
Holdings
Withdrawn status Lost status Source of classification or shelving scheme Damaged status Not for loan Home library Current library Shelving location Date acquired Total Checkouts Full call number Barcode Date last seen Copy number Price effective from Koha item type
    Dewey Decimal Classification     London London Journal article 12/02/2009   L146660 146660-1001 06/08/2019 1 06/08/2019 Journal article